[Event "19e tournoi d'automne"]
[Site "Montigny le Bretonneux"]
[Date "2021.10.28"]
[Round "6.7"]
[White "Flamant, Jacky"]
[Black "Kunne, Ronald"]
[Result "1/2-1/2"]
[WhiteElo "1479"]
[BlackElo "1561"]
[Annotator "Rivier,Sylvain"]
[PlyCount "71"]
[EventDate "2021.??.??"]

{Défense française, variante d'avance} 1. e4 e6 2. d4 d5 3. e5 c5 4. c3 Nc6 5.
Nf3 Bd7 6. a3 c4 7. g3 Qc7 8. Bg2 O-O-O 9. O-O h6 10. a4 Na5 11. Nbd2 f5 12.
exf6 gxf6 13. b3 cxb3 14. Nxb3 Qxc3 15. Bd2 Qxb3 16. Bxa5 Qxd1 17. Rfxd1 Re8
18. Rdc1+ Bc6 19. Bh3 Bd6 20. Bd2 Kb8 21. a5 a6 22. Rab1 Bb5 23. Bb4 Bxb4 24.
Rxb4 Ne7 25. Bf1 Bxf1 26. Kxf1 Rc8 27. Rcb1 Rc7 28. Rb6 Nc6 29. Rxa6 Re8 30.
Ke2 Kc8 31. Ra8+ Kd7 32. Rxe8 Kxe8 33. Rb6 Nxa5 34. Rxe6+ Re7 35. Rxe7+ Kxe7
36. Kd3 1/2-1/2

[Event "19e tournoi d'automne"]
[Site "Montigny le Bretonneux"]
[Date "2021.10.28"]
[Round "6.8"]
[White "Rafalimanana, Hary"]
[Black "Cogez, Celine"]
[Result "0-1"]
[WhiteElo "1238"]
[BlackElo "1320"]
[Annotator "Rivier,Sylvain"]
[PlyCount "86"]
[EventDate "2021.??.??"]

{Partie du pion dame, attaque Richter Veressov} 1. d4 d5 2. Nf3 Nf6 3. Nc3 Bf5
4. Bg5 e6 5. a3 Be7 6. h4 h6 7. Bf4 Bd6 8. e3 Nc6 9. Be2 Qe7 10. Ne5 Ne4 11.
Nb1 Bxe5 12. dxe5 g5 13. hxg5 Nxg5 14. c3 O-O-O 15. Qa4 Rdg8 16. g4 Bxb1 17.
Rxb1 Ne4 18. Bb5 Qe8 19. f3 Ng5 20. Bxc6 Qxc6 21. Qxc6 bxc6 22. c4 Nxf3+ 23.
Ke2 Ng5 24. Rbc1 Ne4 25. cxd5 cxd5 26. Rhg1 Rg6 27. Rc6 Kb7 28. Rgc1 Rc8 29.
Kf3 Nd2+ 30. Ke2 Nc4 31. Rc5 Rxg4 32. Kf3 Rcg8 33. Rc2 a6 34. b3 Kb6 35. b4 h5
36. a4 c6 37. a5+ Kb7 38. Rh2 h4 39. Kf2 Nd2 40. Rc1 Ne4+ 41. Kf3 h3 42. Rxh3
Rg2 43. Rh2 Nd2# 0-1

[Event "19e tournoi d'automne"]
[Site "Montigny le Bretonneux"]
[Date "2021.10.28"]
[Round "6.9"]
[White "Mimoune, Kenzi"]
[Black "Fayolle, Guy"]
[Result "1-0"]
[WhiteElo "1588"]
[BlackElo "1679"]
[Annotator "Rivier,Sylvain"]
[PlyCount "79"]
[EventDate "2021.??.??"]

{Partie italienne} 1. e4 e5 2. Nf3 Nc6 3. Bc4 Nf6 4. d3 Bc5 5. Nc3 h6 6. h3 a6
7. a3 O-O 8. O-O d6 9. Be3 Ba7 10. Qd2 Nd4 11. Bxd4 exd4 12. Ne2 b5 13. Bb3 c5
14. Nf4 Rb8 15. Rfe1 Nh7 16. e5 dxe5 17. Nxe5 Rb6 18. Nfg6 c4 19. Nxf8 cxb3 20.
Nxh7 Kxh7 21. Nxf7 Qf6 22. Ne5 Bb8 23. f4 bxc2 24. Rac1 Be6 25. Rxc2 Bb3 26.
Rc8 Qf5 27. Rcc1 Bd5 28. Re2 Be6 29. Rf1 Rb7 30. g4 Qf6 31. Qe1 Rc7 32. Qg3 Re7
33. g5 Qf5 34. g6+ Kg8 35. Rc2 Rc7 36. Rxc7 Bxc7 37. Qg4 Qxg4+ 38. hxg4 Kf8 39.
Rc1 Bxg4 40. Kf1 1-0

[Event "19e tournoi d'automne"]
[Site "Montigny le Bretonneux"]
[Date "2021.10.28"]
[Round "6.10"]
[White "Gazay, Didier"]
[Black "Marival, Fred"]
[Result "1-0"]
[WhiteElo "1657"]
[BlackElo "1420"]
[Annotator "Rivier,Sylvain"]
[PlyCount "83"]
[EventDate "2021.??.??"]

{Ouverture anglaise, défense anglo-Grünfeld} 1. c4 Nf6 2. g3 g6 3. Bg2 c6 4.
Nc3 Bg7 5. e4 e6 6. d4 d5 7. cxd5 exd5 8. e5 Nfd7 9. f4 O-O 10. Nf3 b5 11. O-O
Nb6 12. b3 b4 13. Ne2 Bf5 14. Nh4 Be4 15. Bxe4 dxe4 16. Qc2 f5 17. Ng2 Nd5 18.
Bd2 a5 19. a3 Qb6 20. axb4 Nxb4 21. Qc4+ Nd5 22. Ra4 Nd7 23. Ne3 Kh8 24. Nxd5
cxd5 25. Qxd5 Qa6 26. Qc4 Qb7 27. Rxa5 Rxa5 28. Bxa5 Rc8 29. Qa4 Rc2 30. Re1
Bf8 31. b4 Qc8 32. Qb3 Qc6 33. b5 Qc8 34. Bb4 e3 35. Bxf8 Rxe2 36. Rxe2 Nxf8
37. Qxe3 Nd7 38. e6 Nf6 39. Qe5 Kg7 40. e7 Kf7 41. e8=Q+ Nxe8 42. Qe7+ 1-0

[Event "19e tournoi d'automne"]
[Site "Montigny le Bretonneux"]
[Date "2021.10.28"]
[Round "6.11"]
[White "Weil, Simon"]
[Black "Mimoune, Mehdi"]
[Result "1-0"]
[WhiteElo "1199"]
[BlackElo "1451"]
[Annotator "Rivier,Sylvain"]
[PlyCount "53"]
[EventDate "2021.??.??"]

{Défense sicilienne} 1. e4 c5 2. b3 Nc6 3. Bb2 d6 4. Bb5 Bd7 5. d3 e6 6. Ne2
Qc7 7. O-O Nf6 8. Nd2 Be7 9. Qe1 O-O 10. a3 d5 11. h3 a6 12. Bxc6 Bxc6 13. Ng3
Rfe8 14. Rd1 Rad8 15. f4 d4 16. e5 Nd5 17. Nh5 Ne3 18. Qg3 g6 19. Ne4 Bxe4 20.
dxe4 Kh8 21. Nf6 Bxf6 22. exf6 Nxd1 23. Rxd1 h6 24. Qh4 Kh7 25. Bc1 c4 26. f5
g5 27. Bxg5 1-0

[Event "19e tournoi d'automne"]
[Site "Montigny le Bretonneux"]
[Date "2021.10.28"]
[Round "6.12"]
[White "Sbai, Nael"]
[Black "Aidan, David"]
[Result "0-1"]
[WhiteElo "1099"]
[BlackElo "1399"]
[Annotator "Rivier,Sylvain"]
[PlyCount "84"]
[EventDate "2021.??.??"]

{Défense hollandaise} 1. d4 f5 2. Bf4 Nf6 3. e3 e6 4. Nf3 Be7 5. c3 Nc6 6. Bd3
O-O 7. Nbd2 b6 8. Nh4 Bb7 9. h3 a5 10. g4 Nd5 11. Bg3 Bxh4 12. Bxh4 Qxh4 13.
gxf5 Nde7 14. Nf3 Qf6 15. fxe6 Qxf3 16. Qxf3 Rxf3 17. exd7 Raf8 18. Rh2 Nd8 19.
Be2 R3f6 20. Bg4 c5 21. O-O-O cxd4 22. exd4 Nec6 23. d5 Ne5 24. Re1 Nd3+ 25.
Kd2 Nxe1 26. Rh1 Ng2 27. c4 Rxf2+ 28. Kc3 b5 29. Rg1 bxc4 30. Kxc4 Rc2+ 31. Kd4
Rd2+ 32. Kc4 Bxd5+ 33. Kb5 Bc6+ 34. Kxa5 Bxd7 35. b3 Bxg4 36. hxg4 Nc6+ 37. Kb5
Ne5 38. a4 Rc2 39. Ra1 Rb8+ 40. Ka6 Rc7 41. b4 Nc6 42. Rb1 Ra7# 0-1

[Event "19e tournoi d'automne"]
[Site "Montigny le Bretonneux"]
[Date "2021.10.28"]
[Round "6.13"]
[White "Sbai, Adam"]
[Black "Fellag Ariouet, Ismael"]
[Result "1-0"]
[WhiteElo "1199"]
[BlackElo "1099"]
[Annotator "Rivier,Sylvain"]
[PlyCount "29"]
[EventDate "2021.??.??"]

{Ouverture du pion dame} 1. d4 c6 2. Bf4 Qa5+ 3. Nd2 Nf6 4. c3 d6 5. e3 e5 6.
Nc4 Na6 7. Nxa5 exf4 8. exf4 Bf5 9. Nxb7 Rb8 10. Bxa6 g5 11. fxg5 Be4 12. Qe2
c5 13. gxf6 cxd4 14. Qxe4+ Be7 15. Qxe7# 1-0

[Event "19e tournoi d'automne"]
[Site "Montigny le Bretonneux"]
[Date "2021.10.29"]
[Round "7.1"]
[White "Divies, Renaud"]
[Black "Fruchard, Cyrille"]
[Result "1/2-1/2"]
[WhiteElo "1931"]
[BlackElo "2278"]
[Annotator "Rivier,Sylvain"]
[PlyCount "23"]
[EventDate "2021.??.??"]

{Ouverture anglaise, variante symétrique, système Rubinstein} 1. c4 Nf6 2. Nc3
d5 3. cxd5 Nxd5 4. g3 g6 5. Bg2 Nxc3 6. bxc3 Bg7 7. Nf3 O-O 8. O-O c5 9. Rb1
Nc6 10. Qa4 Qc7 11. Ba3 b6 12. d4 1/2-1/2

[Event "19e tournoi d'automne"]
[Site "Montigny le Bretonneux"]
[Date "2021.10.29"]
[Round "7.2"]
[White "Forissier, Nicolas"]
[Black "Gaillard, Michel"]
[Result "1-0"]
[WhiteElo "1918"]
[BlackElo "1883"]
[Annotator "Rivier,Sylvain"]
[PlyCount "61"]
[EventDate "2021.??.??"]

{Défense est-indienne} 1. d4 c5 2. d5 d6 3. c4 g6 4. Nc3 Bg7 5. g3 Nf6 6. Bg2
O-O 7. f4 Nbd7 8. Nf3 a6 9. O-O b5 10. cxb5 axb5 11. Nxb5 Rb8 12. Nc3 Nb6 13.
e4 Ba6 14. Re1 Bc8 15. Rb1 Ne8 16. e5 Nc7 17. b3 Bf5 18. Rb2 Bc8 19. Rd2 Na6
20. Bb2 c4 21. Nd4 Bb7 22. Nc6 Bxc6 23. dxc6 Nc5 24. exd6 exd6 25. Nb5 Bxb2 26.
c7 Nd3 27. cxd8=Q Rbxd8 28. Rxd3 cxd3 29. Qxd3 d5 30. a4 d4 31. Qd2 1-0

[Event "19e tournoi d'automne"]
[Site "Montigny le Bretonneux"]
[Date "2021.10.29"]
[Round "7.3"]
[White "Brisse, Axel"]
[Black "Romero, Michel"]
[Result "0-1"]
[WhiteElo "1695"]
[BlackElo "1697"]
[Annotator "Rivier,Sylvain"]
[PlyCount "92"]
[EventDate "2021.??.??"]

{Défense vieille indienne, variante ukrainienne} 1. Nf3 d6 2. c4 e5 3. Nc3 Nf6
4. d4 Nbd7 5. g3 Be7 6. Bg2 O-O 7. O-O h6 8. b3 c6 9. Qc2 exd4 10. Nxd4 Ne5 11.
Ba3 Qa5 12. Bb2 Rd8 13. Rfd1 Bf8 14. Rd2 Bg4 15. Ne4 Nxe4 16. Bxe4 Re8 17. Nf5
Rad8 18. Rad1 Bxf5 19. Bxf5 a6 20. Bh7+ Kh8 21. Be4 Nd7 22. Bc3 Qg5 23. Bb4 Nf6
24. Bg2 Qe5 25. e3 Be7 26. Rd3 Ne4 27. Rd4 Nf6 28. Ba3 a5 29. Qd2 c5 30. Rd3
Ne4 31. Qc2 f5 32. Rd5 Qe6 33. Bh3 Rf8 34. R1d3 Qg6 35. Bb2 h5 36. Qe2 h4 37.
Qf3 Ng5 38. Qg2 hxg3 39. hxg3 Qh7 40. Kh2 Bf6 41. Ba3 Be7 42. Bb2 Qh5 43. g4
fxg4 44. f4 gxh3 45. Qf1 Qg4 46. e4 Rxf4 0-1

[Event "19e tournoi d'automne"]
[Site "Montigny le Bretonneux"]
[Date "2021.10.29"]
[Round "7.4"]
[White "Gouanelle, Franck"]
[Black "Delmont, Jean-Robert"]
[Result "1-0"]
[WhiteElo "2029"]
[BlackElo "1753"]
[Annotator "Rivier,Sylvain"]
[PlyCount "71"]
[EventDate "2021.??.??"]

{Défense sicilienne, attaque Canal-Sokolsky} 1. Nf3 c5 2. e4 d6 3. Bb5+ Bd7 4.
Bxd7+ Qxd7 5. O-O Nc6 6. c3 Nf6 7. Re1 g6 8. d4 cxd4 9. cxd4 Bg7 10. Nc3 O-O
11. h3 e5 12. Be3 exd4 13. Nxd4 d5 14. Nxc6 bxc6 15. exd5 Nxd5 16. Nxd5 Qxd5
17. Qxd5 cxd5 18. Rad1 Bxb2 19. Rxd5 a5 20. Rb1 Rfb8 21. Bf4 Rb4 22. Bd6 Rd4
23. Rxd4 Bxd4 24. a4 Rc8 25. Rb5 Bc3 26. Be5 Bxe5 27. Rxe5 Rc1+ 28. Kh2 Ra1 29.
Rxa5 Kg7 30. g4 Ra3 31. Kg2 h6 32. f3 Ra2+ 33. Kg3 g5 34. h4 Ra3 35. hxg5 hxg5
36. Rxg5+ 1-0

[Event "19e tournoi d'automne"]
[Site "Montigny le Bretonneux"]
[Date "2021.10.29"]
[Round "7.5"]
[White "Cogez, Celine"]
[Black "Couradin, Jean-Marie"]
[Result "1-0"]
[WhiteElo "1320"]
[BlackElo "1581"]
[Annotator "Rivier,Sylvain"]
[PlyCount "85"]
[EventDate "2021.??.??"]

{Défense française, variante d'avance} 1. e4 e6 2. d4 d5 3. e5 c5 4. c3 Nc6 5.
Nf3 Qb6 6. Qb3 Qxb3 7. axb3 cxd4 8. cxd4 Bd7 9. Be3 f6 10. Nc3 a6 11. Be2 Nge7
12. Nb5 Nb4 13. Nd6+ Kd8 14. O-O Be8 15. Rfc1 Nec6 16. Nxb7+ Kd7 17. Bd2 a5 18.
Nc5+ Bxc5 19. Rxc5 Ke7 20. Bxb4 Nxb4 21. Raxa5 Rxa5 22. Rxa5 Nc6 23. Ra8 Rf8
24. Bb5 Bd7 25. Rxf8 Kxf8 26. Kf1 Ke7 27. exf6+ gxf6 28. Ke1 Kd6 29. Kd2 e5 30.
Kc3 e4 31. Ng1 f5 32. Ne2 Be8 33. Nf4 Bd7 34. g3 Nb8 35. Bxd7 Nxd7 36. Kb4 Kc6
37. Ka5 Kd6 38. b4 Nb8 39. b5 Nd7 40. Ka6 Nb8+ 41. Kb7 Nd7 42. b4 Nf8 43. b6
1-0

[Event "19e tournoi d'automne"]
[Site "Montigny le Bretonneux"]
[Date "2021.10.29"]
[Round "7.6"]
[White "Carbonnet, Christophe"]
[Black "Gazay, Didier"]
[Result "1/2-1/2"]
[WhiteElo "1744"]
[BlackElo "1657"]
[Annotator "Rivier,Sylvain"]
[PlyCount "169"]
[EventDate "2021.??.??"]

{DÃ©fense hollandaise} 1. d4 e6 2. c4 f5 3. Nf3 Nf6 4. Nc3 d5 5. Bf4 c6 6. e3
a5 7. Qc2 Be7 8. Bd3 Ne4 9. Rc1 Nxc3 10. bxc3 O-O 11. O-O g5 12. Be5 g4 13. Nd2
Bg5 14. Bf4 Qf6 15. f3 Bxf4 16. exf4 h5 17. c5 Rf7 18. fxg4 hxg4 19. g3 Nd7 20.
Rb1 Nf8 21. Nb3 Bd7 22. Nc1 Be8 23. Rf2 Rh7 24. Bf1 Qd8 25. Nd3 Qc7 26. Re2 Bd7
27. Ne5 Bc8 28. a4 Nd7 29. Nd3 Nf6 30. Bg2 Qg7 31. Bh1 Qh6 32. Re3 Qf8 33. Qf2
Qd8 34. Qe2 Ra6 35. Ne5 Qc7 36. Qb2 Qg7 37. Qf2 Qc7 38. Qb2 Qg7 39. Nd3 Qh6 40.
Qf2 Nd7 41. Re2 Nf8 42. Qe3 Ng6 43. Ne5 Nf8 44. Rb3 Qf6 45. Nd3 Rc7 46. Qe5
Qxe5 47. Nxe5 Kg7 48. Reb2 Ng6 49. Nxg6 Kxg6 50. Bg2 Rh7 51. h3 gxh3 52. Bf1
Ra7 53. Rh2 Kf6 54. Rbb2 Bd7 55. Rxh3 Rxh3 56. Bxh3 Be8 57. Bf1 Bh5 58. Be2
Bxe2 59. Rxe2 Ra6 60. Rb2 Ra7 61. Kg2 Ke7 62. Kf3 Kf6 63. g4 fxg4+ 64. Kxg4 Kg6
65. Rb1 Kf6 66. Rh1 Kg6 67. Re1 Kf6 68. Rb1 Kg6 69. Rb2 Kf6 70. Rh2 Kg7 71. Kg5
Ra8 72. Rb2 Rb8 73. f5 exf5 74. Kxf5 Kf7 75. Ke5 Ke7 76. Rh2 Re8 77. Rh7+ Kd8+
78. Kd6 Kc8 79. Re7 Rh8 80. Re2 Kb8 81. Rb2 Rh1 82. Ra2 Rc1 83. Ra3 Re1 84. Kd7
Rf1 85. Ra2 1/2-1/2

[Event "19e tournoi d'automne"]
[Site "Montigny le Bretonneux"]
[Date "2021.10.29"]
[Round "7.7"]
[White "Roy, Alain"]
[Black "Weil, Simon"]
[Result "1-0"]
[WhiteElo "1836"]
[BlackElo "1199"]
[Annotator "Rivier,Sylvain"]
[PlyCount "81"]
[EventDate "2021.??.??"]

{Début Réti} 1. Nf3 b5 2. e4 Bb7 3. Bxb5 Bxe4 4. Nc3 Bb7 5. d4 Nf6 6. O-O e6 7.
Re1 Be7 8. Bf4 c5 9. Qd3 O-O 10. a3 a6 11. Ba4 Bxf3 12. Qxf3 d5 13. dxc5 Bxc5
14. Rad1 Qb6 15. Bb3 Nbd7 16. Na4 Qa7 17. c4 Ne4 18. Nxc5 Nexc5 19. Bc2 Nf6 20.
b4 Nce4 21. c5 a5 22. g4 g5 23. Be5 Nd7 24. Ba1 f6 25. Bxe4 dxe4 26. Qxe4 Rae8
27. Rd3 axb4 28. axb4 Nb8 29. Red1 Qa4 30. Bc3 Qc2 31. Qc4 Qa4 32. Ra1 Qc6 33.
b5 Qc8 34. c6 Qc7 35. Bb4 Qe5 36. Ra8 Nxc6 37. Rxe8 Qa1+ 38. Kg2 Ne5 39. Qxe6+
Kg7 40. Bxf8+ Kg6 41. Qg8# 1-0

[Event "19e tournoi d'automne"]
[Site "Montigny le Bretonneux"]
[Date "2021.10.29"]
[Round "7.8"]
[White "De Lagontrie, Jean"]
[Black "Flamant, Jacky"]
[Result "1/2-1/2"]
[WhiteElo "1722"]
[BlackElo "1479"]
[Annotator "Rivier,Sylvain"]
[PlyCount "99"]
[EventDate "2021.??.??"]

{Gambit de Budapest, variante principale} 1. d4 Nf6 2. c4 e5 3. dxe5 Ng4 4. Bf4
Bb4+ 5. Nd2 d6 6. exd6 Qf6 7. e3 g5 8. Bg3 h5 9. h4 Bxd6 10. hxg5 Qxg5 11. Bxd6
cxd6 12. Ngf3 Qa5 13. a3 Nc6 14. b4 Qf5 15. Qb3 Be6 16. Bd3 Qf6 17. Rd1 Nce5
18. Be4 Rc8 19. Bxb7 Rxc4 20. Nxc4 Bxc4 21. Qc2 Nd3+ 22. Rxd3 Bxd3 23. Qxd3
Qa1+ 24. Qd1 Qxd1+ 25. Kxd1 Nxf2+ 26. Ke2 Nxh1 27. Nh4 Rg8 28. Bf3 Ng3+ 29. Kd3
Ke7 30. Bc6 Kf6 31. Nf3 Nf5 32. Be4 Rg3 33. b5 Ne7 34. Nd4 d5 35. Bf3 h4 36. a4
Ke5 37. a5 Kd6 38. Kc3 Kc7 39. Kb4 h3 40. gxh3 Rxh3 41. Kc5 Rg3 42. b6+ axb6+
43. axb6+ Kb7 44. Bh5 Rg7 45. Nb5 Nc8 46. Nd6+ Nxd6 47. Kxd6 Kxb6 48. Bf3 Rg3
49. Bxd5 f6 50. e4 1/2-1/2

[Event "19e tournoi d'automne"]
[Site "Montigny le Bretonneux"]
[Date "2021.10.29"]
[Round "7.9"]
[White "Kunne, Ronald"]
[Black "Mimoune, Kenzi"]
[Result "0-1"]
[WhiteElo "1561"]
[BlackElo "1588"]
[Annotator "Rivier,Sylvain"]
[PlyCount "138"]
[EventDate "2021.??.??"]

{Défense sicilienne, variante hongroise} 1. e4 c5 2. Nf3 d6 3. d4 cxd4 4. Qxd4
e5 5. Bb5+ Nc6 6. Qc4 Bd7 7. Nc3 Be7 8. Nd5 Nf6 9. Nxe7 Qxe7 10. Bg5 a6 11.
Bxc6 Bxc6 12. Bxf6 Qxf6 13. O-O-O O-O 14. Qd3 Rfd8 15. Kb1 Rac8 16. g4 Qg6 17.
Nxe5 Qxe4 18. Nxc6 Qxc6 19. Rhe1 d5 20. Re5 Qc7 21. Re3 b5 22. h3 a5 23. Rde1
b4 24. Re7 Qc6 25. Qf5 Rf8 26. Rd1 d4 27. Qe4 Qf6 28. f4 Rfd8 29. Re5 a4 30.
Rxd4 h6 31. Rxd8+ Qxd8 32. Qe1 Qd7 33. Re2 a3 34. Rd2 Re8 35. Qd1 Qc7 36. f5
Qe5 37. Qc1 Qf6 38. c4 Qc6 39. Rd5 axb2 40. Kxb2 Re2+ 41. Kb3 Qa6 42. a4 bxa3
43. Rd3 a2 44. Qa1 Re1 45. Rd8+ Kh7 46. Qxe1 a1=Q 47. Qxa1 Qxa1 48. c5 Qb1+ 49.
Kc4 Qb7 50. Rd6 g6 51. fxg6+ fxg6 52. c6 Qa6+ 53. Kd5 Qa2+ 54. Kc5 Qa5+ 55. Kd4
Kg7 56. Rd5 Qb6+ 57. Rc5 Qc7 58. Kd5 Kf6 59. Rb5 Qe5+ 60. Kc4 Qd6 61. Rc5 Qc7
62. Kd5 Ke7 63. Kc4 g5 64. Kb5 Kd6 65. Rc4 Qb8+ 66. Ka5 Kc7 67. Ka4 Qb2 68. Ka5
Qa3+ 69. Kb5 Qxh3 0-1

[Event "19e tournoi d'automne"]
[Site "Montigny le Bretonneux"]
[Date "2021.10.29"]
[Round "7.10"]
[White "Duval, Dominique"]
[Black "Fayolle, Guy"]
[Result "0-1"]
[WhiteElo "1695"]
[BlackElo "1679"]
[Annotator "Rivier,Sylvain"]
[PlyCount "72"]
[EventDate "2021.??.??"]

{Ouverture du pion dame} 1. d4 Nf6 2. Nc3 g6 3. Bf4 Bg7 4. e3 d5 5. h4 c6 6.
Nf3 b5 7. a3 a5 8. Ne5 Nh5 9. Bh2 f5 10. Be2 Nf6 11. h5 Ng4 12. Nxg4 fxg4 13.
Bxg4 Nd7 14. hxg6 hxg6 15. Qd3 Kf7 16. O-O-O b4 17. Na4 Nb6 18. Nxb6 Qxb6 19.
Bxc8 Raxc8 20. axb4 axb4 21. Qb3 Ra8 22. Kd2 e6 23. Bd6 Bxd4 24. Rxh8 Bxh8 25.
Rh1 c5 26. Rh7+ Kg8 27. Rxh8+ Kxh8 28. Be5+ Kh7 29. e4 Rf8 30. Qh3+ Kg8 31.
Qh8+ Kf7 32. Qg7+ Ke8 33. Qxg6+ Rf7 34. exd5 c4 35. Qg8+ Rf8 36. Qg6+ Kd8 0-1

[Event "19e tournoi d'automne"]
[Site "Montigny le Bretonneux"]
[Date "2021.10.29"]
[Round "7.12"]
[White "Marival, Fred"]
[Black "Sbai, Adam"]
[Result "1-0"]
[WhiteElo "1420"]
[BlackElo "1199"]
[Annotator "Rivier,Sylvain"]
[PlyCount "51"]
[EventDate "2021.??.??"]

{Défense scandinave} 1. e4 d5 2. exd5 Nf6 3. d4 Qxd5 4. c4 Qe4+ 5. Be3 Nc6 6.
Nc3 Qg6 7. d5 Ne5 8. h3 Bf5 9. Qa4+ Nfd7 10. O-O-O Bd3 11. Nf3 Nxf3 12. Bxd3
Qxg2 13. Be4 f5 14. Rdg1 Qxg1+ 15. Rxg1 Nxg1 16. Bxf5 O-O-O 17. Qxa7 Ne2+ 18.
Nxe2 e6 19. Bxe6 c6 20. Bb6 Bd6 21. Bxd8 Rxd8 22. dxc6 Bf4+ 23. Nxf4 Kc7 24.
Qxb7+ Kd6 25. Bxd7 Ke5 26. Qc7+ 1-0

[Event "19e tournoi d'automne"]
[Site "Montigny le Bretonneux"]
[Date "2021.10.29"]
[Round "7.13"]
[White "Aidan, David"]
[Black "Tanchoux, Pierre"]
[Result "1-0"]
[WhiteElo "1399"]
[BlackElo "1295"]
[Annotator "Rivier,Sylvain"]
[PlyCount "65"]
[EventDate "2021.??.??"]

{Défense sicilienne} 1. e4 c5 2. Nf3 d6 3. c3 Nf6 4. Bd3 a6 5. Bc2 e5 6. d4
cxd4 7. cxd4 exd4 8. Nxd4 Be7 9. Nc3 O-O 10. O-O Be6 11. Nxe6 fxe6 12. Bb3 Qd7
13. Be3 Nc6 14. a3 b5 15. Qc2 Kh8 16. Rad1 e5 17. Nd5 Nxd5 18. Bxd5 Rac8 19.
Qe2 Na5 20. Bd2 Nc4 21. Bc3 Qc7 22. Rc1 Qd7 23. Qd3 Nb6 24. Ba2 Rfd8 25. Ba5
Qb7 26. Bd5 Qa7 27. Qe3 Rb8 28. Rc6 Nc8 29. Bxd8 Qxe3 30. fxe3 h6 31. Rc7 Bxd8
32. Rf8+ Kh7 33. Rxd8 1-0

[Event "19e tournoi d'automne"]
[Site "Montigny le Bretonneux"]
[Date "2021.10.29"]
[Round "7.14"]
[White "Fellag Ariouet, Ismael"]
[Black "Sbai, Nael"]
[Result "0-1"]
[WhiteElo "1099"]
[BlackElo "1099"]
[Annotator "Rivier,Sylvain"]
[PlyCount "44"]
[EventDate "2021.??.??"]

{Partie du pion dame} 1. d4 Nf6 2. Nf3 e6 3. Bf4 d5 4. Qd2 Bd6 5. e3 Nh5 6. Be5
Nc6 7. Bb5 Bd7 8. O-O f6 9. Bxd6 cxd6 10. Re1 e5 11. e4 Be6 12. dxe5 dxe5 13.
exd5 Bxd5 14. Nc3 Bxf3 15. gxf3 Qxd2 16. f4 Qxf4 17. Ne2 Qb4 18. c4 Qxb2 19.
Reb1 Qxe2 20. Re1 Qg4+ 21. Kf1 Nf4 22. c5 Qg2# 0-1